000 00639nam a2200181 4500
999 _c13753
_d13753
020 _a9786210500523
082 _aFil./Res. 899.211 CC9573g 2025
100 _aCruz, Genaro R. Gojo
245 _aGaano ba katagal ang sa isang taon?
_ckuwento ni Genaro R. Gojo Cruz ; guhit ni Mark Ronell D. Bernaldez
260 _aMakati City, Philippines
_bThe Bookmark, Inc.
_cc2025
300 _a32 pages
_bcol. ill.
_c43 x 28 cm.
526 _aFILIPINIANA
_d895
650 _aChildren's poetry, Philippine.
650 _aChildren's stories (Tagalog).
650 _aTime -- Juvenile poetry.
700 _aBernaldez, Mark Ronell D.
942 _2ddc
_cBK